LEADER 01008nam a2200265 u 4500 001 000000005373 003 CaOOAMICUS 005 20070226104744.0 008 940514s1971 it u000 u ita u 035 $a10140901 040 $aNN$bita$dNN$dPUL(R) 100 1 $aPacchi, Arrigo,$d1933-1989.$0(OLS)http://pul/name/5593 245 10$aIntroduzione a Hobbes /$cdi Arrigo Pacchi. 260 $aBari :$bLaterza,$c1971. 300 $a193 [5] p. ;$c18 cm 490 1 $aI filosofi (Laterza) ;$v12 500 $aBibliografia: p. 155-[194]. 600 14$aHobbes, Thomas,$d1588-1679.$0(OLS)http://pul/subject/2539 830 2$aI filosofi (Laterza) ;$v12.$0(OLS)http://pul/title/7858 850 $aPUL 852 $aPUL$W1$xSL Filosofia 1$y2$m83 B 25$j7533$nBK-PRI$b $qStampati$B7533$CPULBib$Z2$F7533 $H $81 941 1 $a8 961 $aINV: 72484 996 $6245$aIntroduzione a Hobbes$9(OLS)http://pul/title/7859 996 $6260$aBari :$bLaterza$9(OLS)http://pul/publisher/47895 LEADER 01423nam a2200325 a 4500 001 000000154136 003 CaOOAMICUS 005 20160921110758.0 008 160921s1995 it u000 u ita r 020 $a8814051763* 032 $aLibriCat 040 $aPUL$bita 245 00$aCodice del diritto allo studio negli istituti di istruzione confessionali /$ca cura di Fortunato Freni. 260 $aMilano :$bGiuffrè,$c©1995. 300 $aXV, 751 p. ;$c20 cm. 500 $aIn testa al front.: CESEN - Centro studi sugli enti ecclesiastici. 500 $aContiene indici. 504 $aBibliografia in nota. 650 4$aUniversità cattoliche$xLegislazione.$0(OLS)http://pul/subject/43698 650 4$aScuole cattoliche$zItalia.$0(OLS)http://pul/subject/2959 700 1 $aFreni, Fortunato.$0(OLS)http://pul/name/97668 710 2 $aCESEN (Centro studi sugli enti ecclesiastici).$0(OLS)http://pul/name/27163 850 $aPUL 852 $aPUL$W1$xDP1 Fondo G. Barberini$y122$m4 E 73$j177191$qFondi$B180115$CPULBib$Z2$F180115 $HBar1266 $81 941 1 $a1 961 $aDedica autografa dell?autore. 996 $6020$a8814051763*$9(OLS)http://pul/number/161105 996 $6245$aCodice del diritto allo studio negli istituti di istruzione confessionali$9(OLS)http://pul/title/193727 996 $6260$aMilano :$bGiuffrè$9(OLS)http://pul/publisher/48401